| 000 | 02915nam0a2200397 4500 | ||
|---|---|---|---|
| 001 | RU\NLR\BIBL_A\022689902 | ||
| 005 | 20260115173805.0 | ||
| 010 |
_a978-5-8353-3173-4 _9150 |
||
| 021 |
_aRU _bКН-П-25-066425 _9КН-П-25-6426 |
||
| 035 | _a(NLR Aleph) 022689902 | ||
| 090 |
_a13514717 _c13514717 |
||
| 100 | _a20251217d2024 k y0rusy50 ca | ||
| 101 | 0 |
_arus _deng |
|
| 102 | _aRU | ||
| 105 | _aa z 100zd | ||
| 181 | 0 |
_ai _baxxe |
|
| 182 | 0 | _an | |
| 200 | 1 |
_aТворчество Ф. М. Достоевского: проблемы, жанры, интерпретации _eсборник научных статей _e[материалы Всероссийской (с международным участием) научно-практической конференции, Новокузнецк, 25–27 октября 2023 года] _fМинистерство науки и высшего образования Российской Федерации, Муниципальное автономное учреждение культуры "Литературно-мемориальный музей Ф.И. Достоевского" (г. Новокузнецк) [и др.] _gредколлегия: ... И. А. Пушкарева (отв. ред.), В. В. Трубицина |
|
| 203 |
_aТекст _bвизуальный _cнепосредственный |
||
| 210 |
_aНовокузнецк _cКГПИ КемГУ _aКрасноярск _cSitall _d2024 |
||
| 215 |
_a263 с. _cил., портр., табл. _d21 |
||
| 300 | _aРез. англ. | ||
| 309 | _aНа тит. с. и обл.: выпуск XIV | ||
| 320 | _aБиблиогр. в конце ст. и в подстроч. примеч. | ||
| 600 | 1 |
_aДостоевский _bФ.М. _gФедор Михайлович _f1821 - 1881 _jСборники _2nlr_sh1 _2nlr_sh2 _3RU\NLR\AUTH\66376360 |
|
| 686 | 2 | _aШ5(2=Р)52-4Достоевский.я43 | |
| 702 | 1 |
_aДостоевский _bФ. М. _f1821-1881 _gФедор Михайлович _3RU\NLR\AUTH\77838 _4280 |
|
| 702 | 1 |
_aПушкарева _bИ. А. _gИрина Алексеевна _4340 |
|
| 711 | 1 | 2 |
_a"Творчество Ф. М. Достоевского: проблемы, жанры, интерпретации", всероссийская (с международным участием) научно-практическая конференция _d14 _f2023 _eНовокузнецк _3RU\NLR\AUTH\880637158 |
| 712 | 0 | 1 |
_aРоссийская Федерация _bМинистерство науки и высшего образования _3RU\NLR\AUTH\880480400 _4570 |
| 942 | _cBOOK | ||
| 980 | _aNB | ||